Normal view
MARC view
Entry Uniform Title
001 - CONTROL NUMBER
- control field: 30475
003 - CONTROL NUMBER IDENTIFIER
- control field: dpl
005 - DATE AND TIME OF LATEST TRANSACTION
- control field: 20110729114724.0
008 - FIXED-LENGTH DATA ELEMENTS
- fixed length control field: 110729|||a|||||| | ||| d
040 ## - CATALOGING SOURCE
- Original cataloging agency: dpl
- Transcribing agency: dpl
130 ## - HEADING--UNIFORM TITLE
- Uniform title: Dances of India ; Alka Raghuvanshi
670 ## - SOURCE DATA FOUND
- Source citation: Work cat.: (dpl)54555: Prathibha Prahlad 30474, Bharatanatyam / , 2008
670 ## - SOURCE DATA FOUND
- Source citation: Work cat.: (dpl)54555: Prathibha Prahlad 30474, Bharatanatyam / , 2008
